[Event "Wch Rapid (Women)"]
[Site "Almaty"]
[Date "2022.12.28"]
[Round "10"]
[White "Atalik, Ekaterina"]
[Black "Kamalidenova, Meruert"]
[Result "1/2-1/2"]
[WhiteElo "2385"]
[BlackElo "2259"]
[PlyCount "175"]
[EventDate "2022.12.26"]
[EventType "swiss (rapid)"]
[EventRounds "11"]
[EventCountry "KAZ"]
[SourceTitle "CBM 211 Extra"]
[Source "ChessBase"]
[SourceDate "2023.01.31"]
[SourceVersion "1"]
[SourceVersionDate "2023.01.31"]
[SourceQuality "1"]

1. d4 d5 2. c4 e6 3. Nc3 c6 4. e3 Nf6 5. Nf3 Nbd7 6. Bd3 dxc4 7. Bxc4 b5 8. Bd3 b4 9. Na4 Be7 10. e4 Bb7 11. 0-0 Qa5 12. Bg5 h6 13. Bh4 0-0 14. e5 Nd5 15. Bxe7 Nxe7 16. Rc1 Rac8 17. Nd2 Ba6 18. Bxa6 Qxa6 19. Ne4 Nf5 20. g4 Ne7 21. b3 Rcd8 22. f4 c5 23. Naxc5 Nxc5 24. Rxc5 Qxa2 25. f5 Qb2 26. f6 Ng6 27. fxg7 Kxg7 28. Nd6 Rd7 29. Rf2 Qa3 30. Kg2 Qa6 31. Qc2 Rxd6 32. exd6 Qxd6 33. Qe4 Rd8 34. Rc4 a5 35. Qb7 Rd7 36. Qe4 e5 37. dxe5 Nxe5 38. Rc8 Ng6 39. Rc6 Qd5 40. Qxd5 Rxd5 41. Rc7 Ne5 42. h3 Kg6 43. Ra7 Rc5 44. Ra6+ Kg7 45. Ra7 Kg6 46. Ra2 Nc6 47. Rc7 Rc3 48. Rf2 f6 49. Rc8 Nd4 50. Rf8 Rc6 51. Rb2 Rc5 52. h4 h5 53. Rf2 f5 54. g5 Nxb3 55. Re2 Rc7 56. Rg8+ Kf7 57. Ree8 Nd4 58. Rgf8+ Kg7 59. Rg8+ Kf7 60. Rh8 b3 61. Rb8 Ke6 62. g6 Ke5 63. Rh7 Rc2+ 64. Kf1 Rc1+ 65. Kf2 Rc2+ 66. Ke1 Rg2 67. g7 a4 68. g8Q Rxg8 69. Rxg8 b2 70. Rb7 Nb3 71. Re8+ Kf4 72. Kf2 b1Q 73. Rb4+ Qe4 74. Rexe4+ fxe4 75. Rxa4 Nd2 76. Ra5 Kg4 77. Rg5+ Kxh4 78. Rg8 Nc4 79. Ke2 Kh3 80. Rc8 Nd6 81. Rc5 h4 82. Ke3 Kg4 83. Rc6 Nf5+ 84. Kxe4 Ng3+ 85. Ke3 h3 86. Rg6+ Kh4 87. Rh6+ Kg4 88. Rxh3 1/2-1/2

[Event "Wch Rapid (Women)"]
[Site "Almaty"]
[Date "2022.12.28"]
[Round "9"]
[White "Buksa, Nataliya"]
[Black "Atalik, Ekaterina"]
[Result "1-0"]
[WhiteElo "2260"]
[BlackElo "2385"]
[PlyCount "69"]
[EventDate "2022.12.26"]
[EventType "swiss (rapid)"]
[EventRounds "11"]
[EventCountry "KAZ"]
[SourceTitle "CBM 211 Extra"]
[Source "ChessBase"]
[SourceDate "2023.01.31"]
[SourceVersion "1"]
[SourceVersionDate "2023.01.31"]
[SourceQuality "1"]

1. e4 e5 2. Nf3 Nc6 3. Bc4 Nf6 4. d4 exd4 5. e5 d5 6. Bb5 Ne4 7. Nxd4 Bd7 8. Bxc6 bxc6 9. 0-0 Bc5 10. f3 Ng5 11. Be3 Ne6 12. c3 Bb6 13. f4 c5 14. Nxe6 fxe6 15. Qh5+ g6 16. Qh6 Qe7 17. Nd2 0-0-0 18. a4 a5 19. Qh3 Rhf8 20. b4 cxb4 21. cxb4 d4 22. Qf3 c6 23. Nc4 Ba7 24. Bd2 Be8 25. bxa5 Rd5 26. Qd3 Qc7 27. Rab1 c5 28. a6 Bc6 29. Ba5 Qd7 30. Nb6+ Bxb6 31. Rxb6 Qc7 32. Rfb1 Rxf4 33. Rb8+ Qxb8 34. Rxb8+ Kxb8 35. Qb1+ 1-0

[Event "Wch Rapid (Women)"]
[Site "Almaty"]
[Date "2022.12.27"]
[Round "7"]
[White "Munkhzul, Turmunkh"]
[Black "Atalik, Ekaterina"]
[Result "1-0"]
[WhiteElo "2192"]
[BlackElo "2385"]
[PlyCount "39"]
[EventDate "2022.12.26"]
[EventType "swiss (rapid)"]
[EventRounds "11"]
[EventCountry "KAZ"]
[SourceTitle "CBM 211 Extra"]
[Source "ChessBase"]
[SourceDate "2023.01.31"]
[SourceVersion "1"]
[SourceVersionDate "2023.01.31"]
[SourceQuality "1"]

1. e4 c6 2. d4 d5 3. e5 Bf5 4. h4 h6 5. Bd3 Bxd3 6. Qxd3 e6 7. Ne2 Ne7 8. Nd2 c5 9. dxc5 Nec6 10. Nf3 Nd7 11. 0-0 Ndxe5 12. Nxe5 Nxe5 13. Qg3 Nc6 14. c3 Be7 15. Qxg7 Bf6 16. Qg4 h5 17. Qa4 Bxh4 18. Nd4 Be7 19. Nxc6 Qd7 20. Qd4 1-0

[Event "Wch Rapid (Women)"]
[Site "Almaty"]
[Date "2022.12.26"]
[Round "3"]
[White "Charochkina, Daria"]
[Black "Atalik, Ekaterina"]
[Result "1-0"]
[WhiteElo "2259"]
[BlackElo "2385"]
[PlyCount "163"]
[EventDate "2022.12.26"]
[EventType "swiss (rapid)"]
[EventRounds "11"]
[EventCountry "KAZ"]
[SourceTitle "CBM 211 Extra"]
[Source "ChessBase"]
[SourceDate "2023.01.31"]
[SourceVersion "1"]
[SourceVersionDate "2023.01.31"]
[SourceQuality "1"]

1. d4 d5 2. c4 e6 3. Nc3 Nf6 4. cxd5 exd5 5. Bg5 c6 6. e3 Be7 7. Bd3 0-0 8. Qc2 h6 9. Bh4 Ne8 10. Bg3 Bd6 11. Nf3 Be6 12. Ne5 Nd7 13. f4 Bxe5 14. fxe5 c5 15. 0-0 Rc8 16. Qd2 a6 17. Rad1 Nc7 18. Bb1 c4 19. Qc2 g6 20. Qf2 Kh7 21. h4 Nb5 22. Ne2 c3 23. Nf4 c2 24. Bxc2 Rxc2 25. Qxc2 Bf5 26. Qb3 Nb6 27. a4 Na7 28. a5 Nc4 29. Qxb7 Nb5 30. Nxd5 Nxa5 31. Nf6+ Qxf6 32. Qxb5 axb5 33. exf6 Nc4 34. Bf4 Nxb2 35. Ra1 Nc4 36. Rfc1 Be4 37. Ra7 g5 38. hxg5 hxg5 39. Be5 Kg6 40. Kf2 Rc8 41. Bc7 Nb2 42. Rca1 b4 43. R1a5 b3 44. Rb5 Nd1+ 45. Ke1 Bc2 46. d5 Nc3 47. Rbb7 Nxd5 48. Be5 Nxe3 49. Rxf7 Nc4 50. Bd4 b2 51. Rg7+ Kf5 52. Bxb2 Nxb2 53. f7 Bb3 54. Rb7 Nd3+ 55. Kd2 Nc5 56. Rb5 Kf6 57. Rg8 Rxg8 58. fxg8Q Bxg8 59. Rxc5 Be6 60. Ke3 Bf5 61. Kd4 g4 62. Rc6+ Kg5 63. g3 Bd7 64. Rd6 Ba4 65. Ke5 Bb5 66. Rd8 Be2 67. Rg8+ Kh6 68. Kf6 Kh7 69. Re8 Bf3 70. Re7+ Kh6 71. Rd7 Be2 72. Rd2 Bf1 73. Rf2 Bh3 74. Kf5 Kg7 75. Kg5 Kh7 76. Rd2 Kg7 77. Rd7+ Kf8 78. Kf6 Kg8 79. Kg6 Kf8 80. Rd4 Ke7 81. Re4+ Kf8 82. Re2 1-0

[Event "BL 2223 (Women)"]
[Site "Germany"]
[Date "2022.11.13"]
[Round "4.3"]
[White "Atalik, Ekaterina"]
[Black "Hoolt, Sarah"]
[Result "1-0"]
[WhiteElo "2406"]
[BlackElo "2288"]
[PlyCount "53"]
[EventDate "2022.10.15"]
[EventType "team-tourn"]
[EventRounds "11"]
[EventCountry "GER"]
[SourceTitle "EXT 2024"]
[Source "ChessBase"]
[SourceDate "2023.10.10"]
[SourceVersion "1"]
[SourceVersionDate "2023.10.10"]
[SourceQuality "1"]
[WhiteTeam "Schwaebisch Hall (W)"]
[BlackTeam "Hamburger SK (W)"]
[WhiteTeamCountry "GER"]
[BlackTeamCountry "GER"]

1. c4 e5 2. d3 Bb4+ 3. Bd2 Bxd2+ 4. Qxd2 c5 5. Nf3 Nc6 6. Nc3 d6 7. g3 Nf6 8. Bg2 0-0 9. 0-0 h6 10. Ne1 Be6 11. f4 exf4 12. gxf4 Re8 13. e4 Nd4 14. Nf3 Nxf3+ 15. Rxf3 Bd7 16. Kh1 Kh7 17. Rg1 a6 18. Bh3 b5 19. Qg2 g6 20. Bxd7 Nxd7 21. cxb5 axb5 22. Nxb5 Nb6 23. e5 Nc8 24. Rg3 Ne7 25. Nxd6 Rf8 26. f5 g5 27. Rxg5 1-0

[Event "BL 2223 (Women)"]
[Site "Germany"]
[Date "2022.11.12"]
[Round "3.3"]
[White "Radikovic, Anamarija"]
[Black "Atalik, Ekaterina"]
[Result "0-1"]
[WhiteElo "2112"]
[BlackElo "2406"]
[PlyCount "86"]
[EventDate "2022.10.15"]
[EventType "team-tourn"]
[EventRounds "11"]
[EventCountry "GER"]
[SourceTitle "EXT 2024"]
[Source "ChessBase"]
[SourceDate "2023.10.10"]
[SourceVersion "1"]
[SourceVersionDate "2023.10.10"]
[SourceQuality "1"]
[WhiteTeam "Harksheide (W)"]
[BlackTeam "Schwaebisch Hall (W)"]
[WhiteTeamCountry "GER"]
[BlackTeamCountry "GER"]

1. e4 e5 2. Nf3 Nc6 3. Bb5 a6 4. Ba4 Nf6 5. 0-0 Be7 6. d4 b5 7. Bb3 d6 8. dxe5 Nxe5 9. Nxe5 dxe5 10. Qe2 0-0 11. Rd1 Qe8 12. Nc3 c6 13. a4 Be6 14. Bg5 Bxb3 15. cxb3 Nd7 16. Qg4 Bxg5 17. Qxd7 Qxd7 18. Rxd7 Rfd8 19. Rad1 Kf8 20. Rxd8+ Rxd8 21. Rxd8+ Bxd8 22. axb5 axb5 23. Kf1 Ke7 24. Ke2 Kd6 25. Kd3 Bb6 26. f3 Bd4 27. Kc2 g6 28. Nb1 Kc5 29. Nc3 Bg1 30. h3 Kd4 31. Kd2 Be3+ 32. Ke2 Bc1 33. Na2 Bxb2 34. Nb4 Kc3 35. Nxc6 Kxb3 36. Kd3 Bc3 37. Ne7 b4 38. Nd5 Bd4 39. f4 Ka3 40. Kc2 exf4 41. Nxf4 Ka2 42. Ne2 b3+ 43. Kd3 Be5 0-1

[Event "FRM-chT (Women)"]
[Site "Struga"]
[Date "2022.10.20"]
[Round "7.2"]
[White "Krasteva, Beloslava"]
[Black "Atalik, Ekaterina"]
[Result "0-1"]
[WhiteElo "2287"]
[BlackElo "2406"]
[PlyCount "106"]
[EventDate "2022.10.14"]
[EventType "team-tourn"]
[EventRounds "7"]
[EventCountry "MKD"]
[SourceTitle "CBM 210 Extra"]
[Source "ChessBase"]
[SourceDate "2022.11.30"]
[SourceVersion "1"]
[SourceVersionDate "2022.11.30"]
[SourceQuality "1"]
[WhiteTeam "Skopje MSK Centar (W)"]
[BlackTeam "Skopje Alkaloid (W)"]
[WhiteTeamCountry "MKD"]
[BlackTeamCountry "MKD"]

1. d4 d5 2. Nf3 Nf6 3. Bf4 e6 4. e3 Be7 5. Nbd2 Nh5 6. Be5 Nd7 7. Bd3 Nxe5 8. dxe5 g6 9. h4 Ng7 10. c3 Bd7 11. Qe2 c5 12. 0-0-0 Qc7 13. Kb1 0-0-0 14. e4 Kb8 15. Rhe1 Bc6 16. Bb5 h5 17. g3 a6 18. Bxc6 Qxc6 19. Nf1 dxe4 20. N3d2 Nf5 21. Qxe4 Qxe4+ 22. Nxe4 Rd5 23. Ned2 Rhd8 24. Kc2 Kc7 25. Nf3 Kc6 26. Rxd5 exd5 27. Ne3 Nxe3+ 28. Rxe3 Re8 29. Ne1 Bd8 30. Ng2 Bc7 31. Rf3 Rxe5 32. Rxf7 Re2+ 33. Kc1 Bxg3 34. fxg3 Rxg2 35. Rf6+ Kb5 36. Rxg6 Kc4 37. Rg5 d4 38. cxd4 cxd4 39. Rxh5 Rxg3 40. Rh7 Rg1+ 41. Kd2 Rg2+ 42. Kc1 b5 43. h5 Kd3 44. b4 Rxa2 45. h6 Rh2 46. Rh8 Kc3 47. Kd1 Kxb4 48. h7 a5 49. Rd8 Rxh7 50. Rxd4+ Kc3 51. Rd5 Rh1+ 52. Ke2 Kc4 53. Rg5 a4 0-1